| 000 | 00723nam a2200205 a 4500 | ||
|---|---|---|---|
| 001 | 000025825 | ||
| 005 | 20200930024058.0 | ||
| 008 | 110223s1987 dr 000 0 spa d | ||
| 040 |
_aDO-SdBNP _bspa _cBNPHU |
||
| 082 |
_axxx _bB236p |
||
| 100 | 1 |
_aBarbieri, Teresita _952654 |
|
| 245 | 1 | 3 |
_aLa presencia de las mujeres en América Latina en una década de crisis / _cTeresita Barbieri, Orlandina de Oliveira. |
| 260 |
_aSanto Domingo : _bBúho, _c1987. |
||
| 300 |
_a95 p. ; _c22 cm. |
||
| 500 | _aIncluye notas al pie de las páginas | ||
| 504 | _aBibliografía : p. 83-95 | ||
| 590 | _aPerteneció a la biblioteca personal de Juan Isidro Jimenes Grullón | ||
| 700 | 1 |
_aOliveira, Orlandina de _952655 |
|
| 049 | _aBNPD | ||
| 999 |
_c25317 _d25317 |
||